Detalles MARC
| 000 -LÍDER |
| Campo fijo de descripción fija |
02214nam a2200385 i 4500 |
| 001 - NÚMERO DE CONTROL |
| Campo de control |
768714001 |
| 003 - IDENTIFICADOR DEL NÚMERO DE CONTROL |
| Campo de control |
CO-MdFUSB |
| 005 - FECHA Y HORA DE LA ULTIMA TRANSACCIÓN |
| control field |
20260423163551.0 |
| 007 - CAMPO FIJO DE DESCRIPCIÓN FIJA--INFORMACIÓN GENERAL |
| Campo fijo de descripción fija |
ta |
| 008 - ELEMENTOS DE LONGITUD FIJA -- INFORMACIÓN GENERAL |
| Campo fijo de descripción fija -- Información general |
241120t2005 ck ||||| |||| 001 0 spa d |
| 020 ## - NÚMERO INTERNACIONAL NORMALIZADO PARA LIBROS |
| Número Internacional Normalizado del libro |
958-8201-55-1 |
| 040 ## - FUENTE DE CATALOGACIÓN |
| Idioma de catalogación |
spa. |
| Agencia de catalogación original |
CO-MdFUSB |
| Agencia que realiza la transcripción |
CO-MdFUSB |
| Agencia que realiza la modificación |
CO-MdFUSBC |
| Convenciones de la descripción |
rda |
| 041 ## - CÓDIGO DE IDIOMA |
| Código de idioma para texto/pista de sonido o título separado |
spa |
| Código de idioma original |
eng |
| 082 ## - NÚMERO DE CLASIFICACIÓN DECIMAL DEWEY |
| Número de la edición del Dewey |
23 |
| Número de clasificación |
248.4 |
| Clave de autor-Numero de item |
F827 |
| 100 ## - ASIENTO PRINCIPAL--NOMBRE PERSONAL |
| Nombre personal |
Frangipane, Francis, |
| Término relacionador |
autor |
| 240 ## - TITULO UNIFORME |
| Título uniforme |
<a href="Holiness, Truth and the Presence of God. ">Holiness, Truth and the Presence of God. </a> |
| 245 #3 - TÍTULO |
| Título del Material |
La santidad, la verdad y la presencia de Dios |
| Mención de responsabilidad, etc. |
/ Francis Frangipane ; traducido por Rogelio Díaz Díaz. |
| 264 #1 - PRODUCCIÓN, PUBLICACIÓN, DISTRIBUCIÓN, MANUFACTURA, Y COPYRIGHT |
| Lugar de producción, publicación, distribución, manufactura |
Bogotá, Colombia : |
| Nombre del productor, publicador, distribuidor |
Buena Semilla, |
| Fecha de producción, publicación, distribución, manufactura, o copyright |
[2005] |
| 264 #4 - PRODUCCIÓN, PUBLICACIÓN, DISTRIBUCIÓN, MANUFACTURA, Y COPYRIGHT |
| Fecha de producción, publicación, distribución, manufactura, o copyright |
©2005 |
| 300 ## - DESCRIPCIÓN FÍSICA |
| Extensión |
157 páginas |
| Dimensiones |
; 21 cm |
| 336 ## - TIPO DE CONTENIDO |
| Fuente |
rdacontent |
| Término de tipo de contenido |
texto |
| Código de tipo de contenido |
txt |
| 337 ## - TIPO DE MEDIO |
| Fuente |
rdamedia |
| Nombre del tipo de medio |
sin mediación |
| Código del tipo de medio |
n |
| 338 ## - TIPO DE SOPORTE |
| Fuente |
rdacarrier |
| Nombre del tipo de soporte |
volumen |
| Código Tipo de soporte |
nc |
| 500 ## - NOTA GENERAL |
| Nota General |
Incluye índice |
| 505 ## - NOTA DE CONTENIDO |
| Título |
El principio de la santidad. |
| Nota de contenido con formato preestablecido |
La humildad precede a la santidad. -- Encuentre a Dios. -- El tabernáculo de reunión. -- Dos cosas, tan solo dos cosas. -- |
| Título |
El espíritu de gracia: |
| Nota de contenido con formato preestablecido |
Cuando Cristo es revelado. -- "No me acordaré más de sus pecados". -- Cómo acercarme al Dios santo. |
| Título |
El poder de Dios en una vida santa: |
| Nota de contenido con formato preestablecido |
La santidad precede al poder. -- Cómo guardar puro su camino. -- El Espíritu Santo de la verdad. -- El arrepentimiento y el camino que Dios llama santo. -- |
| Título |
Huya de la falsedad: |
| Nota de contenido con formato preestablecido |
Tenga cuidado: es fácil falsificar el cristianismo. -- Un corazón sin ídolos. -- El ídolo del falso conocimiento. |
| Título |
El dulce sabor del fruto santo: |
| Nota de contenido con formato preestablecido |
La santidad es un árbol cargado de fruto. -- El poder de conversión de la verdadera santidad. -- La senda ancha de la santidad. |
| Título |
El brillo de la santidad: |
| Nota de contenido con formato preestablecido |
Un lugar de reposo para Dios. -- La luz radiante de la santidad. -- El camino al lugar santo. -- Pureza de corazón. -- Pureza de corazón: la visión abierta. -- La virgen dará a luz. |
| 563 ## - NOTA DE ENCUADERNACIÓN |
| Nota de encuadernación |
Rústico |
| 650 #7 - ASIENTO SECUNDARIO DE MATERIA - TERMINO TEMÁTICO |
| Término temático o nombre geográfico como elemento de entrada |
Iglesia |
| 9 (RLIN) |
655 |
| 650 #0 - ASIENTO SECUNDARIO DE MATERIA - TERMINO TEMÁTICO |
| Término temático o nombre geográfico como elemento de entrada |
Vida cristiana |
| 9 (RLIN) |
19 |
| 653 ## - TÉRMINO DE INDIZACIÓN - NO CONTROLADO |
| Término no controlado |
Santidad — Cristianismo |
| 653 ## - TÉRMINO DE INDIZACIÓN - NO CONTROLADO |
| Término no controlado |
Vida espiritual — Cristianismo |
| 653 ## - TÉRMINO DE INDIZACIÓN - NO CONTROLADO |
| Término no controlado |
Espiritualidad cristiana |
| 700 ## - ASIENTO SECUNDARIO - NOMBRE PERSONAL |
| Nombre personal |
Díaz Díaz, Rogelio, |
| 9 (RLIN) |
7244 |
| Responsabilidad |
traductor |
| 942 ## - TIPO DE MATERIAL (KOHA) |
| Tipo de Item KOHA |
Libros General |
| 945 ## - INFORMACIÓN LOCAL DEL REGISTRO |
| Catalogador |
Catherine Arias Alvarez |